[Event "Ann Arbor (HVA/3/4)"]
[Site "?"]
[Date "1993.??.??"]
[Round "?"]
[White "Johnson, H."]
[Black "Ward, Tim"]
[Result "1/2-1/2"]
[WhiteElo "1800"]
[BlackElo "1835"]
[PlyCount "120"]
[EventDate "1993.??.??"]

{3/(4)} 1. e4 e6 2. d4 d5 3. Nd2 Nf6 4. e5 Nfd7 5. Bd3 c5 6. c3 Nc6 7. Ndf3
cxd4 8. cxd4 Qb6 9. Ne2 f6 10. exf6 Nxf6 11. O-O Bd6 12. a3 O-O 13. b4 a6 14.
Bb2 Bd7 15. Ne5 Bxe5 16. dxe5 Ng4 17. Nd4 Ncxe5 18. h3 Nxd3 19. Qxd3 Nf6 20.
Qg3 Ne4 21. Qe5 Rf6 22. Nf3 Rf7 23. Rac1 Bb5 24. Bd4 Qd6 25. Rfe1 Qd7 26. Ng5
Nxg5 27. Qxg5 Rc8 28. Rxc8+ Qxc8 29. Bc5 Bd7 30. Re3 h6 31. Qe5 Qe8 32. Rg3 Rf6
33. Bd4 Rg6 34. Rc3 Rg5 35. Qc7 e5 36. Be3 d4 37. Bxg5 dxc3 38. Be3 Bc6 39. a4
Qg6 40. Qc8+ Kh7 41. Qg4 Qxg4 42. hxg4 Bxa4 43. Kf1 c2 44. Ke2 Kg6 45. Kd2 h5
46. gxh5+ Kxh5 47. Kd3 Kg4 48. g3 Kf5 49. f3 Ke6 50. f4 exf4 51. Bxf4 Kf5 52.
Kd2 Ke4 53. Bd6 g6 54. Kc1 Kd3 55. Bf4 Kc4 56. Bd6 Kb5 57. g4 Kc4 58. g5 Kb3
59. Be7 Bc6 60. Bc5 Be4 1/2-1/2

[Event "Ann Arbor (HVA/4/4)"]
[Site "?"]
[Date "1993.??.??"]
[Round "?"]
[White "Johnson, H."]
[Black "Smith, Daryn"]
[Result "1/2-1/2"]
[WhiteElo "1800"]
[BlackElo "1835"]
[PlyCount "133"]
[EventDate "1993.??.??"]

{4/(4)} 1. d4 Nf6 2. c4 g6 3. Nc3 Bg7 4. e4 d6 5. Nf3 O-O 6. Be2 e5 7. d5 Na6
8. Bg5 c6 9. Qd2 Nc7 10. O-O-O c5 11. h4 h5 12. Nh2 Qe8 13. g4 hxg4 14. Bxf6
Bxf6 15. Nxg4 Bxg4 16. Bxg4 Qe7 17. Kb1 Kg7 18. h5 Rh8 19. Rdg1 Rag8 20. hxg6
fxg6 21. Nb5 Nxb5 22. cxb5 g5 23. Be6 Rxh1 24. Rxh1 Rh8 25. Qd1 Rxh1 26. Qxh1
Kf8 27. Qh5 Qg7 28. f3 Ke7 29. Bc8 Kd8 30. Bh3 Kc7 31. Qg4 Kb6 32. a4 a5 33.
bxa6 Kxa6 34. Qc8 Ka7 35. a5 Qh8 36. Qd7 Qd8 37. Qb5 Qc7 38. Bf1 Bd8 39. a6 Qb6
40. Qd7 Qc7 41. Qa4 Qa5 42. Qxa5 Bxa5 43. axb7 Kxb7 44. Kc2 Kb6 45. Kb3 Bd2 46.
Kc4 Ka5 47. Bh3 Bc1 48. b3 Bd2 49. Bd7 Bf4 50. Ba4 Bc1 51. Kc3 Bf4 52. Kd3 Kb4
53. Kc2 Be3 54. Kd3 Bg1 55. Kc2 c4 56. Kb2 Bd4+ 57. Kc2 Ka3 58. Bb5 cxb3+ 59.
Kb1 Kb4 60. Bc6 Kc3 61. Bd7 Kd2 62. Be6 Ke3 63. Bg4 Kf2 64. Kc1 Kg3 65. Bh5 Kf4
66. Kb1 Kg3 67. Kc1 1/2-1/2

[Event "Gaylord (NMO/2/1)"]
[Site "?"]
[Date "1993.??.??"]
[Round "?"]
[White "Jirjis, Faris"]
[Black "Zacks, Naum"]
[Result "1-0"]
[WhiteElo "2145"]
[BlackElo "1800"]
[PlyCount "55"]
[EventDate "1993.??.??"]

{2/(1)} 1. e4 Nf6 2. e5 Nd5 3. d4 d6 4. c4 Nb6 5. exd6 Qxd6 6. c5 Qe6+ 7. Be3
Nd5 8. Bc4 Qe4 9. Bxd5 Qxd5 10. f3 Nc6 11. Nc3 Qh5 12. Nb5 Kd7 13. Ne2 g5 14.
d5 Ne5 15. O-O b6 16. cxb6 axb6 17. Qc2 Bg7 18. Qxc7+ Ke8 19. Bxb6 Bd7 20. Qb7
Bxb5 21. Qxa8+ Kd7 22. Qb7+ Kd6 23. Bc7+ Kc5 24. Rac1+ Nc4 25. Qb6+ Kb4 26.
Rxc4+ Kxc4 27. Rc1+ Kb4 28. Qa5# 1-0

[Event "Gaylord (NMO/4/1)"]
[Site "?"]
[Date "1993.??.??"]
[Round "?"]
[White "Jirjis, Faris"]
[Black "Yahkind, Alex"]
[Result "1/2-1/2"]
[WhiteElo "2145"]
[BlackElo "2040"]
[PlyCount "94"]
[EventDate "1993.??.??"]

{4/(1)} 1. d4 d5 2. Bg5 c5 3. dxc5 Nc6 4. Nf3 f6 5. Bh4 e5 6. c3 a5 7. e3 Bxc5
8. Bb5 Nge7 9. Nbd2 O-O 10. Qb3 Kh8 11. Rd1 Qb6 12. a4 Bg4 13. h3 Bh5 14. g4
Bf7 15. Be2 Qa7 16. Qb5 Nc8 17. Bf1 Nd6 18. Qe2 d4 19. e4 Rad8 20. Bg2 Nc8 21.
O-O Nb6 22. Ra1 d3 23. Qd1 Nc4 24. Nxc4 Bxc4 25. Qd2 Ne7 26. g5 Ng6 27. gxf6
gxf6 28. Bg3 b6 29. b4 axb4 30. cxb4 Be7 31. Rfc1 Be6 32. Ra3 Qd7 33. Kh2 Nf4
34. Bxf4 exf4 35. Bf1 Qe8 36. Rxd3 Qh5 37. Nd4 Rg8 38. Ne2 Rxd3 39. Qxd3 Bxb4
40. Rc6 Qh4 41. Qf3 Bd7 42. Rxb6 Bc5 43. Rb2 Bg4 44. Qc3 Bxf2 45. Nxf4 Bxh3 46.
Nxh3 Bg1+ 47. Kh1 Qxe4+ 1/2-1/2

[Event "Troy (TCC/X/4/2)"]
[Site "?"]
[Date "1993.??.??"]
[Round "?"]
[White "Jirjis, Faris"]
[Black "Ward, Tom"]
[Result "1-0"]
[WhiteElo "2130"]
[BlackElo "2185"]
[PlyCount "55"]
[EventDate "1993.??.??"]

{4/(2)} 1. d4 Nf6 2. c4 e6 3. Nc3 Bb4 4. e3 c5 5. a3 Bxc3+ 6. bxc3 O-O 7. Bd3
Nc6 8. Ne2 b6 9. O-O Ne8 10. Qc2 f5 11. e4 g6 12. Bh6 Rf7 13. f4 Ba6 14. exf5
exf5 15. Rf3 Nd6 16. Bg5 Qc7 17. g4 fxg4 18. Rg3 Nf5 19. Bxf5 gxf5 20. h3 h5
21. hxg4 hxg4 22. Kf2 Bxc4 23. Rh1 Re8 24. Rxg4 Rg7 (24... fxg4 25. Qg6+ {and
mate next} Rg7 26. Qxe8#) (24... Rxe2+ 25. Qxe2 Bxe2 26. Bf6+ {and mate follows
}) 25. Qxf5 Rxe2+ 26. Kf3 Qb7 $4 {[26...Ne5+! wins.]} (26... Ne5+ $1 27. fxe5
Qc6+ 28. Re4 Rxe4 {wins}) 27. Rh8+ Kxh8 28. Qf8+ 1-0

[Event "Eastpointe (EDO/3/4)"]
[Site "?"]
[Date "1993.??.??"]
[Round "?"]
[White "Jirjis, Faris"]
[Black "Ward, Tim"]
[Result "1-0"]
[WhiteElo "2110"]
[BlackElo "1885"]
[PlyCount "91"]
[EventDate "1993.??.??"]

{3/(4)} 1. d4 f5 2. Bg5 Nf6 3. Nc3 d5 4. Bxf6 exf6 5. e3 g6 6. Bd3 c6 7. h4 Be6
8. Nh3 Bd6 9. Ne2 Nd7 10. h5 Bf7 11. c3 Qc7 12. Qc2 O-O-O 13. a4 c5 14. Qd2 c4
15. Bc2 Rde8 16. Kd1 g5 17. Bxf5 Bxh5 18. g4 Bg6 19. Qc2 Bxf5 20. Qxf5 h5 21.
Nhg1 hxg4 22. Rxh8 Rxh8 23. Qxd5 Kb8 24. a5 a6 25. Ra4 g3 26. fxg3 Bxg3 27.
Rxc4 Qd6 28. Qxd6+ Bxd6 29. Kd2 g4 30. d5 Ne5 31. Ra4 Nf3+ 32. Kd1 Nxg1 33.
Nxg1 Rg8 34. Ra1 g3 35. Ke2 g2 36. Kf2 Kc7 37. Nf3 Bc5 38. b4 Bd6 39. Rg1 Bg3+
40. Ke2 Bd6 41. Ne1 Be5 42. Kd3 Kd6 43. c4 Bh2 44. Rxg2 Rxg2 45. Nxg2 Be5 46.
Nf4 1-0

[Event "East Lansing (MI Op/4/5)"]
[Site "?"]
[Date "1993.??.??"]
[Round "?"]
[White "Jirjis, Faris"]
[Black "Noren, Kevin"]
[Result "0-1"]
[WhiteElo "2130"]
[BlackElo "2260"]
[PlyCount "106"]
[EventDate "1993.??.??"]

{4/(5)} 1. d4 Nf6 2. c4 g6 3. Nc3 Bg7 4. e4 d6 5. Nf3 O-O 6. Be2 Bg4 7. h3 Bxf3
8. Bxf3 Nfd7 9. Be3 Nc6 10. d5 Na5 11. Be2 Bxc3+ 12. bxc3 e5 13. h4 Nc5 14. Bh6
Nxe4 15. Qc2 Nc5 16. Bxf8 Qxf8 17. g4 h6 18. Rg1 Kg7 19. g5 h5 20. Bxh5 Qh8 21.
Be2 Qxh4 22. O-O-O Rh8 23. Kb1 Nxc4 24. Bxc4 Qxc4 25. f3 Qf4 26. Rdf1 Rh4 27.
Rf2 Na4 28. Qd3 b5 29. Kc2 Nc5 30. Qe2 Qf5+ 31. Kd2 Ra4 32. Ra1 Nb3+ 33. axb3
Rxa1 34. Ke3 Qxg5+ 35. f4 Qg3+ 36. Rf3 exf4+ 37. Kd3 Qg5 38. c4 b4 39. Qb2+ Qf6
40. Qxf6+ Kxf6 41. Rxf4+ Ke7 42. Re4+ Kd7 43. Rf4 f5 44. Rh4 Ra2 45. Rh7+ Kc8
46. c5 dxc5 47. Kc4 Ra6 48. Kxc5 Rb6 49. Rh8+ Kb7 50. Rf8 a5 51. Rf7 a4 52.
bxa4 b3 53. a5 Ra6 0-1

[Event "Gaylord (NMO/5/1)"]
[Site "?"]
[Date "1993.??.??"]
[Round "?"]
[White "Jirjis, Faris"]
[Black "Moody, David"]
[Result "0-1"]
[WhiteElo "2145"]
[BlackElo "2020"]
[PlyCount "108"]
[EventDate "1993.??.??"]

{5/(1)} 1. e4 e5 2. Nf3 Nc6 3. Bb5 a6 4. Ba4 Nf6 5. O-O Be7 6. Qe2 b5 7. Bb3
O-O 8. c3 d5 9. d3 Bb7 10. Rd1 Qd7 11. Bg5 dxe4 12. dxe4 Qg4 13. Nbd2 Rad8 14.
h3 Qh5 15. Nf1 Nxe4 16. Qxe4 Bxg5 17. Ng3 Qh6 18. Bd5 Bf4 19. Nf5 Qf6 20. Bxc6
Bxc6 21. Qxc6 Rxd1+ 22. Rxd1 Qxf5 23. g3 Bh6 24. Kg2 Qc2 25. Re1 Qxb2 26. Qxc7
Qxa2 27. Rxe5 g6 28. Qc6 Bg7 29. Re3 Qa4 30. Re8 Rxe8 31. Qxe8+ Bf8 32. Ng5 Qc4
33. Kh2 a5 34. Qe5 a4 35. Ne4 Qe6 36. Nf6+ Kh8 37. Qd4 Qd6 38. Qh4 h5 39. Qg5
a3 40. Ne4 Qe7 41. Qd5 a2 42. Qxa2 Qxe4 43. Qxf7 Qf5 44. Qa2 Qf3 45. Qd2 Bg7
46. Kg1 Qxc3 47. Qg5 Qe1+ 48. Kg2 Qe4+ 49. Kg1 b4 50. g4 b3 51. Qd8+ Kh7 52.
gxh5 b2 53. hxg6+ Qxg6+ 54. Kh2 Be5+ 0-1

[Event "Eastpointe (MI Action/5/4)"]
[Site "?"]
[Date "1993.??.??"]
[Round "?"]
[White "Jirjis, Faris"]
[Black "Mailing, Ian"]
[Result "1-0"]
[WhiteElo "2155"]
[BlackElo "1970"]
[PlyCount "51"]
[EventDate "1993.??.??"]

{5/(4)} 1. d4 d5 2. Bg5 h6 3. Bf4 Bf5 4. e3 c5 5. dxc5 Nc6 6. Nc3 e5 7. Bg3 Nf6
8. Bb5 d4 9. Bxc6+ bxc6 10. exd4 exd4 11. Qe2+ Be6 12. O-O-O Bxc5 13. Na4 Bb6
14. Nf3 c5 15. Qb5+ Kf8 16. Nxc5 Qd5 17. Nxe6+ Qxe6 18. Qb4+ Kg8 19. Nxd4 Qxa2
20. Nb3 Kh7 21. Be5 Rhe8 22. Bxf6 gxf6 23. Rhe1 Bxf2 24. Rxe8 Rxe8 25. Qa3 Be3+
26. Nd2 1-0

[Event "Troy (TCC/X/2/4)"]
[Site "?"]
[Date "1993.??.??"]
[Round "?"]
[White "Jirjis, Faris"]
[Black "Fuller, William"]
[Result "1-0"]
[WhiteElo "2130"]
[BlackElo "2005"]
[PlyCount "86"]
[EventDate "1993.??.??"]

{2/(4)} 1. d4 g6 2. c4 Bg7 3. Nc3 d6 4. e4 Nc6 5. Be3 e5 6. d5 Nce7 7. g4 f5 8.
gxf5 gxf5 9. Qh5+ Ng6 10. exf5 Nf6 11. Qg5 Bxf5 12. Qxf5 O-O 13. Qc2 Ng4 14.
O-O-O Qh4 15. Nh3 Nxe3 16. fxe3 Rxf1 17. Rdxf1 Qxh3 18. Qe2 e4 19. Rhg1 a5 20.
Rg3 Qd7 21. Qg4 Qd8 22. Nxe4 a4 23. Qe6+ Kh8 24. Ng5 Ne5 25. Nf7+ Nxf7 26. Rxf7
Qh4 27. Qg4 Qxg4 28. Rxg4 Rg8 29. Kc2 c6 30. Rxb7 cxd5 31. Rgxg7 Rxg7 32. Rb8+
Rg8 33. Rxg8+ Kxg8 34. cxd5 Kf7 35. b4 Ke7 36. b5 Kd7 37. Kc3 Kc7 38. Kb4 a3
39. Kxa3 Kb6 40. Kb4 h5 41. a4 h4 42. a5+ Kb7 43. Kc4 h3 $138 1-0

[Event "Eastpointe (MI Action/3/9)"]
[Site "?"]
[Date "1993.??.??"]
[Round "?"]
[White "Jirjis, Faris"]
[Black "Davis, Victor"]
[Result "1-0"]
[WhiteElo "2155"]
[BlackElo "1605"]
[PlyCount "59"]
[EventDate "1993.??.??"]

{3/(9)} 1. e4 d6 2. d4 Nf6 3. Nc3 g6 4. f4 Bg7 5. Nf3 O-O 6. Be2 Bg4 7. h3 Bxf3
8. Bxf3 c6 9. O-O Nbd7 10. e5 Ne8 11. Be4 e6 12. Qf3 d5 13. Bd3 c5 14. Be3 c4
15. Be2 a6 16. a4 Nc7 17. Kh2 b5 18. axb5 Nxb5 19. g4 Nxc3 20. bxc3 Qe7 21. Ra2
Rfb8 22. Rfa1 Rb6 23. Bxc4 Rc8 24. Bxa6 Rxc3 25. Bd3 Rc8 26. Ra7 h6 27. f5 exf5
28. gxf5 Qd8 29. Qxd5 Nb8 30. Qxf7+ 1-0

[Event "East Lansing (MI Op/2/13)"]
[Site "?"]
[Date "1993.??.??"]
[Round "?"]
[White "Jirjis, Faris"]
[Black "Conley, Steve"]
[Result "1-0"]
[WhiteElo "2130"]
[BlackElo "1930"]
[PlyCount "103"]
[EventDate "1993.??.??"]

{2/(13)} 1. d4 d6 2. c4 e5 3. dxe5 dxe5 4. Qxd8+ Kxd8 5. Nf3 f6 6. Nc3 c6 7. e4
Be6 8. Be3 Nd7 9. Be2 Kc7 10. O-O h5 11. Nh4 g5 12. Ng6 Rh7 13. Nxf8 Rxf8 14.
Rac1 Ne7 15. Nd5+ Kb8 16. Nxe7 Rxe7 17. b4 h4 18. a4 Rg8 19. c5 g4 20. b5 f5
21. bxc6 bxc6 22. Rb1+ Kc7 23. exf5 Bxf5 24. Rb4 Ree8 25. g3 Rb8 26. Rxb8 Rxb8
27. gxh4 Rb2 28. Bd1 Nf6 29. Re1 Nd5 30. Bc1 Rb1 31. Bd2 e4 32. h5 Rb2 33. Bc1
Rb8 34. Bc2 Re8 35. h6 Kd7 36. Kg2 Re6 37. Rd1 Ke7 38. Bb3 e3 39. Bxd5 e2 40.
Bg5+ Ke8 41. Bxc6+ Rxc6 42. Re1 Re6 43. Be3 Bd3 44. Kg3 Kf7 45. Kxg4 Re4+ 46.
Kf3 Rb4 47. Rg1 Rxa4 48. Bd2 Rh4 49. Kg3 Rh5 50. Rc1 Re5 51. c6 Re8 52. c7 1-0

[Event "Eastpointe (EDO/5/1)"]
[Site "?"]
[Date "1993.??.??"]
[Round "?"]
[White "Jirjis, Faris"]
[Black "Chehayeb, Sal"]
[Result "1-0"]
[WhiteElo "2130"]
[BlackElo "2120"]
[PlyCount "79"]
[EventDate "1993.??.??"]

{5/(1)} 1. Nf3 Nf6 2. d4 g6 3. c4 Bg7 4. Nc3 O-O 5. e4 d6 6. Be2 Nc6 7. Bg5 h6
8. Bh4 Bg4 9. d5 Bxf3 10. gxf3 Ne5 11. f4 Ned7 12. Rb1 c6 13. Bg3 cxd5 14. cxd5
Nc5 15. Bf3 Nfd7 16. O-O a6 17. Ne2 b5 18. Nd4 Qb6 19. Nc6 Rfe8 20. e5 Rac8 21.
Re1 Bf8 22. Qc2 Nb8 23. f5 g5 24. e6 f6 25. b4 Na4 26. Rbc1 Nxc6 27. dxc6 Rc7
28. Qd2 Rec8 29. Bd5 Kg7 30. h4 Qa7 31. hxg5 hxg5 32. Kg2 Nb6 33. Be4 Qa8 34.
Qd1 Rxc6 35. Rxc6 Rxc6 36. Qh5 Rc1 37. Bxa8 Rxe1 38. Qf7+ Kh8 39. Qxf8+ Kh7 40.
Qxe7+ 1-0

[Event "Flint (Class C/1)"]
[Site "?"]
[Date "1993.??.??"]
[Round "?"]
[White "Jensen, D."]
[Black "Smith, Lester"]
[Result "0-1"]
[WhiteElo "1605"]
[BlackElo "1605"]
[PlyCount "101"]
[EventDate "1993.??.??"]

1. d4 c5 2. d5 Nf6 3. c4 b5 4. b3 g6 5. Bb2 Bg7 6. Nf3 d6 7. Nbd2 a6 8. e4 e5
9. Bd3 b4 10. O-O O-O 11. Qe2 Nh5 12. g3 Bg4 13. Qe3 Nd7 14. Be2 Ndf6 15. Ne1
Bh6 16. Qd3 Bxe2 17. Qxe2 Bxd2 18. Qxd2 Nxe4 19. Qe3 Nef6 20. f3 Re8 21. Ng2 a5
22. a4 Ng7 23. Qg5 Nf5 24. Qd2 Ra7 25. Rae1 Kf8 26. g4 Nd4 27. Bxd4 exd4 28.
Qh6+ Kg8 29. Rxe8+ Nxe8 30. Re1 Re7 31. Rxe7 Qxe7 32. Qd2 Qf6 33. Kf2 Qe5 34.
Qf4 Qxf4 35. Nxf4 Kg7 36. Nd3 Kf6 37. f4 h6 38. Kf3 Ke7 39. h4 Ng7 40. Ke4 f5+
41. Kf3 fxg4+ 42. Kxg4 Nf5 43. h5 gxh5+ 44. Kxf5 Kf7 45. Nf2 Kg7 46. Ke6 h4 47.
Kxd6 h3 48. Nxh3 d3 49. Ke7 h5 50. d6 d2 51. Nf2 0-1

[Event "Flint (Class C/3)"]
[Site "?"]
[Date "1993.??.??"]
[Round "?"]
[White "Jensen, D."]
[Black "Asbury, Victor"]
[Result "0-1"]
[WhiteElo "1605"]
[BlackElo "1605"]
[PlyCount "68"]
[EventDate "1993.??.??"]

1. d4 Nf6 2. Nf3 c5 3. c3 Nc6 4. e3 b6 5. Bd3 g6 6. Nbd2 Bg7 7. Qe2 d5 8. e4
O-O 9. e5 Ng4 10. h3 Nh6 11. Bb5 Qc7 12. g4 f5 13. g5 Nf7 14. Bxc6 Qxc6 15. Nf1
Bb7 16. Bf4 Rac8 17. Be3 Nd8 18. O-O-O Ne6 19. Qc2 f4 20. Bd2 cxd4 21. Kb1 dxc3
22. Qxc3 Qxc3 23. bxc3 d4 24. N1h2 dxc3 25. Bxc3 Rxc3 26. Rd7 Bxf3 27. Nxf3
Rxf3 28. Rxe7 Nxg5 29. h4 Rh3 30. Rd1 Rxh4 31. Rdd7 Rh1+ 32. Kb2 Bh8 33. Kb3
Rb1+ 34. Kc2 Rf1 0-1

[Event "Troy (TCC/A/2/5)"]
[Site "?"]
[Date "1993.??.??"]
[Round "?"]
[White "Jendras, Gerard"]
[Black "Walker, Douglas"]
[Result "1-0"]
[WhiteElo "1910"]
[BlackElo "1855"]
[PlyCount "81"]
[EventDate "1993.??.??"]

{2/(5)} 1. e4 e6 2. d4 d5 3. Nd2 Ne7 4. Bd3 Nd7 5. Ngf3 c5 6. c3 Nc6 7. O-O Be7
8. Re1 O-O 9. Nf1 Nf6 10. e5 Ne8 11. Ng3 g6 12. Bh6 Ng7 13. Qe2 Bd7 14. h3 Rc8
15. Nf1 Re8 16. Ne3 cxd4 17. cxd4 Nb4 18. Bb1 Qb6 19. a3 Bb5 20. Qd2 Nc6 21.
Bxg7 Kxg7 22. Ng4 Kh8 23. Nf6 Bxf6 24. exf6 Qd8 25. Qf4 Rc7 26. b4 Rg8 27. Ng5
h6 28. Nxe6 fxe6 29. f7 Rxf7 30. Qxf7 Nxd4 31. Qf4 Qg5 32. Qxd4+ Kh7 33. Rxe6
Qc1+ 34. Kh2 Qc7+ 35. g3 Qf7 36. Rf6 Qg7 37. Bxg6+ Qxg6 38. Rxg6 Rxg6 39. Qc5
Bc6 40. Re1 Rg7 41. Re7 1-0

[Event "Troy (TCC/A/4/1)"]
[Site "?"]
[Date "1993.??.??"]
[Round "?"]
[White "Jendras, Gerard"]
[Black "Robbins, Fred"]
[Result "0-1"]
[WhiteElo "1910"]
[BlackElo "1930"]
[PlyCount "56"]
[EventDate "1993.??.??"]

{4/(1)} 1. e4 Nf6 2. e5 Nd5 3. d4 d6 4. c4 Nb6 5. f4 dxe5 6. fxe5 Nc6 7. Be3
Bf5 8. Nc3 e6 9. Rc1 Be7 10. Be2 Bg5 11. Bxg5 Qxg5 12. c5 Nd5 13. Nxd5 exd5 14.
Nf3 Qe3 15. Rc3 Qh6 16. O-O O-O 17. Qa4 Be4 18. a3 Ne7 19. b4 Nf5 20. Qd1 Ne3
21. Qb3 Nxf1 22. Bxf1 c6 23. Re3 Rae8 24. Nd2 Bf5 25. a4 f6 26. Nf3 fxe5 27.
Nxe5 Qf4 28. g3 Qxd4 0-1

[Event "Ann Arbor (HVA/1/3)"]
[Site "?"]
[Date "1993.??.??"]
[Round "?"]
[White "Jendras, Gerard"]
[Black "Mankiewicz, Ryan"]
[Result "1-0"]
[WhiteElo "1925"]
[BlackElo "1605"]
[PlyCount "75"]
[EventDate "1993.??.??"]

{1/(3)} 1. e4 c5 2. Nf3 d6 3. d4 cxd4 4. Nxd4 Nf6 5. Nc3 a6 6. Bg5 e6 7. f4 Be7
8. Qf3 Qc7 9. O-O-O Nbd7 10. Be2 b5 11. e5 Bb7 12. Qg3 dxe5 13. fxe5 Qxe5 14.
Bf4 Qc5 15. Nb3 Qf5 16. Rhf1 Qg6 17. Qe3 Nd5 18. Nxd5 Bxd5 19. Bf3 Rc8 20. Rd2
Bxf3 21. Rxf3 Nc5 22. Rg3 Nxb3+ 23. axb3 Qf5 24. Rxg7 Bf6 25. Rg3 Qc5 26. Qe4
Qg1+ 27. Rd1 Bxb2+ 28. Kxb2 Qxd1 29. Be5 Rf8 30. Bg7 Qh5 31. Qb7 Qc5 32. Rc3
Qxc3+ 33. Bxc3 Rxc3 34. Kxc3 f6 35. Qxa6 Kf7 36. Qb7+ Kg6 37. Qe4+ Kg7 38. Qxe6
1-0

[Event "Ann Arbor (HVA/3/1)"]
[Site "?"]
[Date "1993.??.??"]
[Round "?"]
[White "Jendras, Gerard"]
[Black "Kung, Fred"]
[Result "0-1"]
[WhiteElo "1925"]
[BlackElo "1815"]
[PlyCount "58"]
[EventDate "1993.??.??"]

{3/(1)} 1. e4 e6 2. d4 d5 3. Nd2 c5 4. exd5 Qxd5 5. Ngf3 cxd4 6. Bc4 Qd6 7. O-O
Nf6 8. Nb3 Nc6 9. Nbxd4 Nxd4 10. Nxd4 a6 11. a4 Qc7 12. Qe2 Bd6 13. h3 O-O 14.
Bd3 b6 15. Bg5 Be5 16. c3 Bb7 17. Nf3 Bf4 18. Bxf6 gxf6 19. Rad1 f5 20. Rfe1
Kh8 21. Ne5 Rg8 22. g3 Bxg3 23. fxg3 Rxg3+ 24. Kh2 Rag8 25. Nxf7+ Qxf7 26. Qe5+
Qg7 27. Bf1 Qxe5 28. Rxe5 Rg1 29. Rd7 Rh1# 0-1

[Event "Flint (MEX/4)"]
[Site "?"]
[Date "1993.??.??"]
[Round "?"]
[White "Jarosz, Stan"]
[Black "Levine, H."]
[Result "1-0"]
[WhiteElo "2015"]
[BlackElo "2010"]
[PlyCount "99"]
[EventDate "1993.??.??"]

1. c4 e5 2. Nc3 Nf6 3. Nf3 Nc6 4. g3 d5 5. cxd5 Nxd5 6. Bg2 Nb6 7. O-O Be7 8.
d3 O-O 9. Be3 Be6 10. Ne4 h6 11. Nc5 Bxc5 12. Bxc5 Re8 13. b3 Qd7 14. Rc1 Bh3
15. Qc2 Bxg2 16. Kxg2 Nd5 17. Ba3 Nd4 18. Nxd4 exd4 19. Rfe1 Qg4 20. Qd2 Re5
21. h3 Qe6 22. Bc5 Re8 23. Rc2 Ne3+ 24. fxe3 Qc6+ 25. e4 Rxc5 26. Rec1 Ree5 27.
b4 Rxc2 28. Qxc2 Qxc2 29. Rxc2 Re7 30. Rc4 Rd7 31. b5 Kf8 32. Ra4 c6 33. Rxa7
cxb5 34. Ra5 Rc7 35. Rxb5 Rc2 36. Kf2 Rxa2 37. Rxb7 Ra4 38. Rc7 Ke8 39. Rc4
Rxc4 40. dxc4 Kd7 41. e3 dxe3+ 42. Kxe3 Kc6 43. Kd4 Kd6 44. e5+ Kc6 45. c5 h5
46. h4 g6 47. Kc4 Kc7 48. Kd5 Kd7 49. c6+ Kc7 50. Kc5 1-0

[Event "East Lansing (MI Op/6/29)"]
[Site "?"]
[Date "1993.??.??"]
[Round "?"]
[White "Jarosz, Stan"]
[Black "Haakonstad, Olaf"]
[Result "1-0"]
[WhiteElo "2065"]
[BlackElo "1825"]
[PlyCount "71"]
[EventDate "1993.??.??"]

{6/(29)} 1. c4 Nf6 2. Nc3 e6 3. e4 Bb4 4. e5 Bxc3 5. dxc3 Ne4 6. Qg4 d5 7. Qxg7
Rf8 8. Bh6 Kd7 9. Qxf8 Qxf8 10. Bxf8 b6 11. f3 Nc5 12. Bxc5 bxc5 13. O-O-O c6
14. Nh3 Ke7 15. Bd3 h6 16. f4 Nd7 17. Nf2 Nb6 18. b3 a5 19. g4 a4 20. Kb2 axb3
21. axb3 dxc4 22. Bxc4 Nxc4+ 23. bxc4 Ba6 24. Ra1 Rb8+ 25. Kc2 Bxc4 26. Ra7+
Kf8 27. Rb1 Rd8 28. Rbb7 Bd5 29. Rxf7+ Kg8 30. Rg7+ Kh8 31. Rh7+ Kg8 32. f5
exf5 33. gxf5 Re8 34. f6 Be6 35. Rag7+ Kf8 36. Rh8+ 1-0

[Event "East Lansing (MI Op/4/36)"]
[Site "?"]
[Date "1993.??.??"]
[Round "?"]
[White "Jarosz, Stan"]
[Black "Ford, William"]
[Result "1/2-1/2"]
[WhiteElo "2065"]
[BlackElo "1930"]
[PlyCount "153"]
[EventDate "1993.??.??"]

{4/(36)} 1. c4 e5 2. Nc3 Nf6 3. Nf3 d6 4. d4 exd4 5. Nxd4 Bd7 6. g3 c6 7. Bg2
Be7 8. O-O O-O 9. e4 Na6 10. h3 Qc8 11. Kh2 Nc5 12. Be3 Rd8 13. Qc2 Qc7 14.
Rac1 a6 15. b4 Ne6 16. Nde2 Rab8 17. Qd2 Bc8 18. Nd5 cxd5 19. cxd5 Qd7 20. dxe6
Qxe6 21. Nf4 Qe5 22. Qc3 Bd7 23. Bb6 Rdc8 24. Bc7 Qxc3 25. Rxc3 Bd8 26. Rfc1
Bxc7 27. Rxc7 Rxc7 28. Rxc7 Bc6 29. Nd5 Kf8 30. Nxf6 gxf6 31. f3 Re8 32. Kg1
Re5 33. a3 a5 34. f4 Re8 35. e5 axb4 36. axb4 Bxg2 37. Kxg2 fxe5 38. fxe5 dxe5
39. Rxb7 Re7 40. Rb5 f5 41. Kf3 Kf7 42. Rc5 Ke6 43. Rc1 Rb7 44. Rb1 Kd5 45. g4
f4 46. g5 Rf7 47. Rd1+ Ke6 48. b5 Rb7 49. Rb1 Kf5 50. h4 e4+ 51. Kf2 Kg4 52.
Rb4 e3+ 53. Ke2 Kg3 54. b6 f3+ 55. Kxe3 f2 56. Rb1 Rxb6 57. Rxb6 f1=Q 58. Rh6
Qf4+ 59. Kd3 Qe5 60. Kc4 Kf4 61. Rf6+ Ke4 62. Rh6 Qd5+ 63. Kb4 Kd3 64. Rh5 Qd6+
65. Kb5 Qd7+ 66. Kb6 Kc4 67. Rh6 Qb5+ 68. Kc7 Qe5+ 69. Kd7 Kd5 70. Kd8 Qg7 71.
Ke8 Ke5 72. Kd8 Kf5 73. Ke8 Kg4 74. Kd8 Qxh6 75. gxh6 Kxh4 76. Ke7 Kh5 77. Kf6
1/2-1/2

[Event "East Lansing (MI Op/2/26)"]
[Site "?"]
[Date "1993.??.??"]
[Round "?"]
[White "Jarosz, Stan"]
[Black "Fleming, William"]
[Result "0-1"]
[WhiteElo "2065"]
[BlackElo "1835"]
[PlyCount "50"]
[EventDate "1993.??.??"]

{2/(26)} 1. c4 e5 2. Nc3 Bb4 3. Nf3 Nc6 4. g3 Nf6 5. Bg2 O-O 6. O-O e4 7. Ne1
Bxc3 8. dxc3 Re8 9. Nc2 d5 10. Bg5 Qd6 11. Bxf6 Qxf6 12. cxd5 Ne5 13. Ne3 Ng4
14. Nxg4 Bxg4 15. Qd2 Rad8 16. Rfd1 Qe5 17. Qe3 b6 18. Rd4 Bf5 19. Rad1 Rd6 20.
R1d2 h5 21. h4 Bg6 22. b4 f5 23. c4 Red8 24. Qf4 Qxf4 25. gxf4 c5 0-1

[Event "Flint (MEX/3)"]
[Site "?"]
[Date "1993.??.??"]
[Round "?"]
[White "Jarosz, Stan"]
[Black "Calton, Bill"]
[Result "0-1"]
[WhiteElo "2015"]
[BlackElo "2080"]
[PlyCount "54"]
[EventDate "1993.??.??"]

1. c4 e6 2. Nc3 f5 3. g3 Nf6 4. Bg2 Be7 5. Nf3 O-O 6. O-O d6 7. d3 Nc6 8. Rb1
Bd7 9. b4 Qe8 10. b5 Nd8 11. a4 Qh5 12. e4 e5 13. Nd2 Qf7 14. Nd5 Nxd5 15. cxd5
f4 16. Qc2 Rc8 17. Qb3 g5 18. Bb2 Qh5 19. Qd1 g4 20. Re1 Rf6 21. d4 f3 22. Bf1
Nf7 23. dxe5 dxe5 24. Qb3 Bc5 25. Nc4 Bxf2+ 26. Kxf2 Qxh2+ 27. Ke3 f2 0-1

[Event "Troy (TCC/DEU/1b/7)"]
[Site "?"]
[Date "1993.??.??"]
[Round "?"]
[White "Jankowski, A."]
[Black "Quander, K."]
[Result "1-0"]
[WhiteElo "1605"]
[BlackElo "1605"]
[PlyCount "81"]
[EventDate "1993.??.??"]

1. e4 e5 2. Bc4 Nf6 3. d3 Nc6 4. a3 d5 5. exd5 Nxd5 6. Nc3 Be6 7. Ne4 Be7 8.
Ne2 Qd7 9. O-O f5 10. Ng5 Bxg5 11. Bxg5 h6 12. Bd2 O-O-O 13. b4 Nce7 14. a4 g5
15. Bb5 c6 16. c4 Nf6 17. Rc1 cxb5 18. cxb5+ Kb8 19. d4 exd4 20. Qe1 Ne4 21.
Rd1 Nxd2 22. Rxd2 d3 23. Nc1 Bc4 24. Qe5+ Qc7 25. Qf6 Qd6 26. Qc3 Rc8 27. Rfd1
Bxb5 28. Qxc8+ Rxc8 29. axb5 Qxb4 30. Rxd3 Qxb5 31. Ne2 Re8 32. Nd4 Qb6 33. Rb3
Qa5 34. h3 Ng6 35. Nc6+ Kc7 36. Nxa5 b6 37. Rc3+ Kb8 38. Nc6+ Ka8 39. Rd7 Re1+
40. Kh2 Ra1 41. Re3 1-0

[Event "Troy (TCC/DEU/4/11)"]
[Site "?"]
[Date "1993.??.??"]
[Round "?"]
[White "Jankowski, A."]
[Black "Hartley, A."]
[Result "0-1"]
[WhiteElo "1605"]
[BlackElo "1605"]
[PlyCount "56"]
[EventDate "1993.??.??"]

{4/(11)} 1. e4 e5 2. Bc4 Nf6 3. d3 Bc5 4. Ne2 d5 5. exd5 Nxd5 6. O-O Nc6 7. h3
Be6 8. Bb5 Qd7 9. Bxc6 Qxc6 10. Ng3 O-O-O 11. c4 Nb6 12. Qe1 Rxd3 13. Qxe5 Bd4
14. Qe4 Rxg3 15. Qxc6 bxc6 16. Kh2 Rd3 17. Nd2 Nxc4 18. Nf3 Bxb2 19. Bxb2 Nxb2
20. Ne5 Rc3 21. a4 Rd8 22. Ra2 Nd3 23. Re2 Nxe5 24. Rxe5 Rd2 25. f4 Rcc2 26.
Rfe1 Rxg2+ 27. Kh1 Rh2+ 28. Kg1 Rcg2+ 0-1